[Event "7th Malaysia Open"]
[Site "Kuala Lumpur MAS"]
[Date "2010.09.07"]
[Round "9"]
[White "Lee Kim Han,E"]
[Black "Fong Yit San"]
[Result "1-0"]
[WhiteElo "2156"]
[BlackElo "1947"]
[EventDate "2010.09.01"]

1. e4 e5 2. Nf3 Nc6 3. Bb5 a6 4. Ba4 Nf6 5. O-O Be7 6. Re1 b5 7. Bb3 d6 8.
c3 O-O 9. h3 Na5 10. Bc2 c5 11. d4 Nd7 12. d5 c4 13. Nbd2 Nc5 14. Nf1 f5
15. N1d2 f4 16. b4 cxb3 17. axb3 Nd7 18. Bd3 Qc7 19. Bb2 Rb8 20. Qe2 Nb7
21. b4 Nb6 22. Rxa6 Nc5 23. bxc5 Bxa6 24. cxb6 Rxb6 25. Rb1 Ra8 26. Ra1 b4
27. cxb4 Rxb4 28. Bxe5 dxe5 29. Rxa6 Rxa6 30. Bxa6 Rb2 31. Qc4 Qd6 32. Qc8+
Kf7 33. Nc4 1-0

[Event "7th Malaysia Open"]
[Site "Kuala Lumpur MAS"]
[Date "2010.09.07"]
[Round "9"]
[White "Nadanian,A"]
[Black "Xu Jun"]
[Result "0-1"]
[WhiteElo "2411"]
[BlackElo "2507"]
[EventDate "2010.09.01"]

1. e4 c5 2. Nc3 d6 3. f4 g6 4. Nf3 Bg7 5. d4 cxd4 6. Nxd4 Nc6 7. Be3 Nf6 8.
Be2 O-O 9. Nb3 a6 10. O-O b5 11. Bf3 Bb7 12. Qe1 Nd7 13. Rd1 Na5 14. Nxa5
Qxa5 15. e5 Bxf3 16. Rxf3 Rad8 17. Qh4 dxe5 18. Nd5 Nf6 19. Nxe7+ Kh8 20.
Rdf1 e4 21. Rh3 Qc7 22. f5 Qxe7 23. Bg5 h5 24. g4 Qc5+ 25. Be3 Qxc2 26.
gxh5 gxh5 27. Bg5 Rd6 28. Qf4 Qc5+ 29. Kh1 e3 30. Bh6 Qc6+ 31. Kg1 e2 32.
Re1 Rd1 33. Bxg7+ Kxg7 34. Qg5+ Kh7 0-1

[Event "7th Malaysia Open"]
[Site "Kuala Lumpur MAS"]
[Date "2010.09.07"]
[Round "9"]
[White "Castellano,Christo"]
[Black "Vijayalakshmi,S"]
[Result "1/2-1/2"]
[WhiteElo "2231"]
[BlackElo "2466"]
[EventDate "2010.09.01"]

1. d4 Nf6 2. Nf3 e6 3. e3 b6 4. Bd3 Bb7 5. O-O Be7 6. Nbd2 O-O 7. e4 d6 8.
Re1 c5 9. c3 Nc6 10. a3 Qc7 11. Nf1 Rfd8 12. Qe2 Rac8 13. Ng3 Na5 14. Bf4
cxd4 15. cxd4 Nb3 16. Rad1 Nd7 17. Bb1 e5 18. Nf5 Bf8 19. dxe5 dxe5 20. Bg3
g6 21. Ba2 Nc1 22. Rxc1 Qxc1 23. Rxc1 Rxc1+ 24. Ne1 Nc5 25. h3 Rdd1 26. f3
Nd3 27. Kh2 Nxe1 28. Ne3 Nxf3+ 29. gxf3 Rh1+ 30. Kg2 Rhg1+ 31. Kh2 Rh1+ 32.
Kg2 Rhg1+ 33. Kh2 Rh1+ 34. Kg2 1/2-1/2

[Event "7th Malaysia Open"]
[Site "Kuala Lumpur MAS"]
[Date "2010.09.07"]
[Round "9"]
[White "Bakri,Al"]
[Black "Azman Hisham,M"]
[Result "1/2-1/2"]
[WhiteElo "1904"]
[BlackElo "2046"]
[EventDate "2010.09.01"]

1. d4 d5 2. c4 e6 3. Nc3 Nf6 4. Bg5 Nbd7 5. e3 Be7 6. Nf3 O-O 7. Bd3 c6 8.
O-O b6 9. cxd5 exd5 10. Rc1 Bb7 11. Qc2 g6 12. Rfd1 Re8 13. Bf4 Nh5 14. Bg3
Nxg3 15. hxg3 f5 16. Qe2 b5 17. a3 Bd6 18. Qc2 Qf6 19. Re1 a6 20. Rcd1 Ra7
21. Ne2 Raa8 22. Nc1 Rac8 23. Nb3 c5 24. dxc5 Nxc5 25. Nxc5 Bxc5 26. Qd2
Kg7 27. Rc1 Bb6 28. Rxc8 Rxc8 29. Rc1 Rxc1+ 30. Qxc1 d4 31. Nxd4 Bxd4 32.
exd4 Qc6 33. Qxc6 Bxc6 34. d5 Bxd5 1/2-1/2

[Event "7th Malaysia Open"]
[Site "Kuala Lumpur MAS"]
[Date "2010.09.07"]
[Round "9"]
[White "Cao,S"]
[Black "Nguyen Anh Dung"]
[Result "1-0"]
[WhiteElo "2535"]
[BlackElo "2500"]
[EventDate "2010.09.01"]

1. e4 c5 2. Nf3 d6 3. Nc3 Nf6 4. d4 cxd4 5. Nxd4 a6 6. Bg5 e6 7. Qf3 Nbd7
8. O-O-O Qc7 9. Bd3 b5 10. Rhe1 Ne5 11. Qg3 b4 12. Nce2 Bb7 13. Bxf6 gxf6
14. Kb1 O-O-O 15. f4 Nc4 16. Nb3 d5 17. exd5 Bxd5 18. Qf2 Be7 19. Ned4 f5
20. Nf3 Bf6 21. Bxc4 Bxc4 22. Ne5 Bxe5 23. fxe5 a5 24. Nc5 Qb6 25. b3 Rd5
26. Rxd5 Bxd5 27. Rd1 Rg8 28. Rxd5 exd5 29. Qxf5+ Kc7 30. Qxf7+ Kc6 31.
Qxg8 Kxc5 32. Qf8+ Kb5 33. Qf1+ Kc5 34. Qf6 Qb5 35. Qf2+ d4 36. Qf8+ Kd5
37. Qf7+ 1-0

[Event "7th Malaysia Open"]
[Site "Kuala Lumpur MAS"]
[Date "2010.09.07"]
[Round "9"]
[White "Bakliwal,G"]
[Black "Capel,E"]
[Result "1-0"]
[WhiteElo "2236"]
[BlackElo "2030"]
[EventDate "2010.09.01"]

1. e4 d5 2. exd5 Qxd5 3. Nf3 Nc6 4. Be2 Nf6 5. d4 Bg4 6. O-O O-O-O 7. c4
Qf5 8. Be3 e6 9. Nbd2 h6 10. Re1 g5 11. Nf1 Bb4 12. Ng3 Qa5 13. Rf1 Bc5 14.
dxc5 Rxd1 15. Rfxd1 Rd8 16. a3 Rxd1+ 17. Bxd1 Qa6 18. Be2 Nd7 19. h3 Bxf3
20. gxf3 f5 21. f4 e5 22. fxg5 f4 23. gxh6 Nf8 24. Rd1 fxe3 25. fxe3 b6 26.
Rf1 Ng6 27. h7 Nce7 28. c6 Nxc6 29. Rf6 Nce7 30. Nf5 Nh8 31. Nxe7+ Kb7 32.
Bf3+ c6 33. Bxc6+ Kb8 34. Rf8+ Kc7 35. Nd5+ Kd6 36. Rf6+ Kc5 37. Bb5 1-0

[Event "7th Malaysia Open"]
[Site "Kuala Lumpur MAS"]
[Date "2010.09.07"]
[Round "9"]
[White "Marmono,R"]
[Black "Limono,Handjojo"]
[Result "1-0"]
[WhiteElo "1933"]
[BlackElo "1898"]
[EventDate "2010.09.01"]

1. d4 Nf6 2. Nf3 e6 3. c4 d5 4. e3 dxc4 5. Bxc4 b6 6. Ne5 Bb4+ 7. Nd2 O-O
8. Qf3 Nd5 9. O-O Bb7 10. Bd3 Be7 11. Qh3 g6 12. Ne4 Nd7 13. f4 f5 14. Nc3
N7f6 15. Bd2 c5 16. Ne2 Rc8 17. e4 Nc7 18. exf5 exf5 19. Bc4+ Kg7 20. g4
fxg4 21. Nxg4 Nxg4 22. Qxg4 Be4 23. Bc3 Nd5 24. Bxd5 Qxd5 25. Rad1 c4 26.
Ng3 Bd3 27. Rfe1 Bf6 28. f5 Bxf5 29. Nh5+ Kh8 30. Nxf6 Rxf6 31. Qh4 Rf7 32.
Re3 Qd8 33. d5+ Kg8 34. Qd4 Re7 35. Qf6 Rd7 36. Qh8+ Kf7 37. Qxh7+ Kf8 38.
Qh8+ 1-0

[Event "7th Malaysia Open"]
[Site "Kuala Lumpur MAS"]
[Date "2010.09.07"]
[Round "9"]
[White "Dutta,J"]
[Black "Yeoh,L"]
[Result "1/2-1/2"]
[WhiteElo "2355"]
[BlackElo "2112"]
[EventDate "2010.09.01"]

1. d4 d5 2. c4 c6 3. Nc3 Nf6 4. e3 a6 5. a4 Bf5 6. Qb3 Ra7 7. Nf3 e6 8. Nh4
Be4 9. f3 Bg6 10. Bd2 Nbd7 11. Rd1 Bd6 12. Be2 Nh5 13. Nxg6 hxg6 14. f4 Ng3
15. hxg3 Rxh1+ 16. Kf2 Rxd1 17. Bxd1 a5 18. e4 dxc4 19. Qxc4 Nb6 20. Qb3
Bb4 21. Be3 Ra8 22. Be2 Qe7 23. Na2 Nd7 24. Nc1 Rd8 25. Nd3 c5 26. dxc5 Rc8
27. Kf3 Nxc5 28. Bxc5 Bxc5 29. Qc3 Kf8 30. Qxa5 Qd6 31. b4 Bb6 32. Qe5 Qxe5
33. Nxe5 Bd4 34. Nc4 Ra8 35. Bd1 Ke7 36. e5 Bc3 37. b5 Bb4 38. Ke2 Bc5 39.
Bc2 b6 40. Kd2 Kd7 41. Kc3 Kc7 42. g4 Rh8 43. Be4 Rh1 1/2-1/2

[Event "7th Malaysia Open"]
[Site "Kuala Lumpur MAS"]
[Date "2010.09.07"]
[Round "9"]
[White "Lan Zilun"]
[Black "Narayanan,Sr"]
[Result "0-1"]
[WhiteElo "2192"]
[BlackElo "2383"]
[EventDate "2010.09.01"]

1. d4 Nf6 2. c4 e6 3. Nf3 c5 4. Nc3 cxd4 5. Nxd4 Nc6 6. Ndb5 Bb4 7. Nd6+
Ke7 8. Bf4 Qa5 9. Qd2 Nh5 10. Nxc8+ Raxc8 11. O-O-O Nxf4 12. Qxf4 Bxc3 13.
Qd6+ Kf6 14. Qf4+ Qf5 15. Qxf5+ Kxf5 16. bxc3 Rhd8 17. e3 Kf6 18. Kc2 Ke7
19. Kb3 Rc7 20. f4 Rdc8 21. Ka4 Nb8 22. Be2 b6 23. Rd2 Na6 24. Rc1 Nc5+ 25.
Ka3 Ke8 26. Rd4 Nb7 27. Kb2 Na5 28. Rcd1 f5 29. g3 g6 30. Bf1 Nb7 31. Bg2
Nc5 32. Bf3 Na4+ 33. Kb3 b5 34. Be2 Nb6 35. Kc2 bxc4 36. Rb1 d5 37. Rdd1
Rc5 38. Rb4 Ra5 39. Ra1 Kd7 40. Bf1 Rcc5 41. Be2 Rcb5 42. Rxb5 Rxb5 43. Bd1
Na4 44. Kd2 Nc5 45. Bc2 Kc6 46. h4 Ra5 47. Kc1 Nd7 48. Kd2 Ra3 49. Bb1 Nc5
50. Bc2 Nb3+ 51. Bxb3 cxb3 52. Kd3 Kc5 0-1

[Event "7th Malaysia Open"]
[Site "Kuala Lumpur MAS"]
[Date "2010.09.07"]
[Round "9"]
[White "Nguyen Thi Thanh An"]
[Black "Zeng,C"]
[Result "1-0"]
[WhiteElo "2306"]
[BlackElo "2410"]
[EventDate "2010.09.01"]

1. d4 d5 2. c4 c6 3. Nf3 Nf6 4. e3 g6 5. Nc3 Bg7 6. Bd3 O-O 7. O-O e6 8. b3
Nbd7 9. Bb2 b6 10. e4 dxe4 11. Nxe4 Nxe4 12. Bxe4 Bb7 13. Qe2 Qc7 14. Rad1
Rfe8 15. h3 Rad8 16. Rfe1 f5 17. Bb1 c5 18. d5 Bxb2 19. Qxb2 exd5 20. Rxe8+
Rxe8 21. cxd5 Qd6 22. Bd3 Bxd5 23. Bb5 Nf6 24. Bxe8 Nxe8 25. Qe5 Qxe5 26.
Nxe5 Nc7 27. f3 Kg7 28. Nd3 Kf6 29. Nf4 Bc6 30. Rd8 Nb5 31. Rh8 Kg7 32. Rc8
Bd7 33. Rd8 Bc6 34. Ne2 Kf7 35. a4 Na3 36. Rd2 Ke6 37. Nc3 b5 38. axb5 Nxb5
39. Na4 Nd4 40. Nxc5+ Ke5 41. Kf2 g5 42. Nd3+ Ke6 43. Nc5+ Ke5 44. b4 Bb5
45. g3 Nc6 46. Nd7+ Ke6 47. Nf8+ Ke7 48. Rd5 a6 49. Nxh7 Ke6 50. Rd2 Nxb4
51. Nxg5+ Ke7 52. h4 a5 53. h5 f4 54. gxf4 a4 55. h6 Bd3 56. Ne4 Kf7 57.
Nc3 Bc2 58. Rd7+ Kg8 59. Nxa4 1-0